000 00996cam a2200301 a 4500
001 15406326
003 OSt
005 20231011120443.0
008 080809s2008 enka b 001 0 eng d
010 _a 2008426570
020 _a034092893X (pbk.)
020 _a9780340928936 (pbk.)
035 _a(OCoLC)ocn191811083
040 _aBTCTA
_cBTCTA
_dBAKER
_dYDXCP
_dEUN
_dBWK
_dBWX
_dUAT
_dDLC
042 _alccopycat
082 0 0 _a370.15 MOR 2010
_222
100 1 _aRoxana,Morena;
_913356
245 1 0 _aEducational Psychology
260 _aLondon;
_bHodder Education,
_c2010.
300 _axiii, 282 p. :
_bill. ;
_c25 cm.
440 0 _aTopics in applied psychology
_913357
504 _aIncludes bibliographical references (p. [251}-273) and index.
650 0 _aEducation
_95140
650 0 _aPsychology.
_931
906 _a7
_bcbc
_ccopycat
_d2
_encip
_f20
_gy-gencatlg
942 _2ddc
_cO_SHELF
999 _c8203
_d8203